000 00732nam a2200217 a 4500
001 000024291
005 20200930022900.0
008 110125s2005 mx a 000 j spa d
020 _a9681902556
040 _aDO-SdBNP
_bspa
_cBNPHU
082 _a833.91
_bE56m
100 1 _aEnde, Michael,
_d1929-1995
_949855
245 1 0 _aMomo :
_bo la extraña historia de los ladrones del tiempo y de la niña que devolvió el tiempo a los hombres /
_cMichael Ende ; traducción de Susana Constante.
260 _aMéxico :
_bAlfaguara,
_c2005.
300 _a274 p. :
_bil. ;
_c22 cm.
650 4 _aCuentos alemanés
_934115
650 4 _aLiteratura alemana
_93274
700 1 _aConstante, Susana,
_etr.
_932133
910 _aWM
049 _aBNGR
999 _c23784
_d23784